Cambios climáticos y causas que los originan /
El autor hace una reseña de los factores conducentes a los cambios climáticos que sufre la Tierra. Vulcanismo, bólidos extraterrestres y cambios de la órbita del planeta son los parámetros más importantes que se destacan.
Guardat en:
| Autor principal: | |
|---|---|
| Format: | Text |
| Matèries: | |
| Etiquetes: |
Afegir etiqueta
Sense etiquetes, Sigues el primer a etiquetar aquest registre!
|
MARC
| LEADER | 00000 a a2200000 04500 | ||
|---|---|---|---|
| 001 | 41080 | ||
| 003 | |||
| 040 | |||
| 100 | |a Bergoeing Guida, Jean Pierre | ||
| 245 | |a Cambios climáticos y causas que los originan / |c Jean Pierre Bergoeing Guida | ||
| 500 | |a jegadana@gmail.com | ||
| 520 | |a El autor hace una reseña de los factores conducentes a los cambios climáticos que sufre la Tierra. Vulcanismo, bólidos extraterrestres y cambios de la órbita del planeta son los parámetros más importantes que se destacan. | ||
| 590 | |a RRA/JUNIO2011 | ||
| 650 | |a CAMBIOS CLIMATICOS | ||
| 650 | |a ERUPCIONES VOLCANICAS | ||
| 650 | |a ASTEROIDES | ||
| 650 | |a TIERRA | ||
| 773 | |g volumen88, número2 ( , 2009), páginas 55-62 : tablas, gráficos, mapas | ||
| 999 | |c 20302 |d 20302 | ||
